[Event "op"]
[Site "Feldbach, Styria/AUT"]
[Date "1997.01.01"]
[Round "5"]
[White "Krumpacnik, D."]
[Black "Barczay, L."]
[Result "1/2-1/2"]
[WhiteElo "2385"]
[BlackElo "2380"]
[PlyCount "78"]
[EventDate "1997.01.01"]

1. d4 g6 2. Nf3 Bg7 3. e4 c6 4. c3 d5 5. Nbd2 dxe4 6. Nxe4 Nd7 7. Bc4 Ngf6 8.
Nxf6+ Nxf6 9. Bf4 O-O 10. O-O Nd5 11. Be5 Bh6 12. Re1 Be6 13. Bb3 a5 14. Re4 f6
15. Bg3 Bf7 16. Qe2 Re8 17. Re1 a4 18. Bxd5 Qxd5 19. Rxe7 Qxa2 20. h3 Bf8 21.
Re3 Rxe3 22. fxe3 a3 23. bxa3 Rxa3 24. Qxa2 Rxa2 25. Bc7 Ra3 26. Rc1 Bh6 27.
Bf4 g5 28. Bd6 Rb3 29. Nd2 Rb2 30. Ne4 Kg7 31. Ng3 Kg6 32. Rf1 Be6 33. e4 Rc2
34. Nf5 Bxf5 35. exf5+ Kf7 36. Rb1 b5 37. Ra1 Rxc3 38. Ra7+ Kg8 39. Ra8+ Kg7
1/2-1/2

[Event "op"]
[Site "Feldbach, Styria/AUT"]
[Date "1997.01.01"]
[Round "5"]
[White "Halser, W."]
[Black "Palac, M."]
[Result "0-1"]
[WhiteElo "2175"]
[BlackElo "2540"]
[PlyCount "70"]
[EventDate "1997.01.01"]

1. e4 c5 2. Nc3 Nc6 3. g3 g6 4. Bg2 Bg7 5. d3 d6 6. f4 e6 7. Nh3 Nge7 8. O-O
O-O 9. f5 exf5 10. Nf4 fxe4 11. dxe4 Ne5 12. Nfd5 Nxd5 13. Nxd5 Bg4 14. Qe1 Be6
15. Qd1 b5 16. c3 c4 17. Be3 Nd3 18. Qd2 Bxd5 19. exd5 Re8 20. Rab1 Rc8 21. g4
Qe7 22. Bf4 Qd7 23. h3 b4 24. Rf3 bxc3 25. bxc3 Rb8 26. Rff1 Rb6 27. Bg3 Ra6
28. Rf3 Ra3 29. Rbf1 Bxc3 30. Qc2 Rf8 31. Rb1 Qc7 32. Bf1 Qc5+ 33. Kh2 Qa5 34.
Kg1 Rxa2 35. Qd1 Rd2 0-1

[Event "op"]
[Site "Feldbach, Styria/AUT"]
[Date "1997.01.01"]
[Round "5"]
[White "Sepetavc, W."]
[Black "Tratar, M."]
[Result "0-1"]
[WhiteElo "2025"]
[BlackElo "2420"]
[PlyCount "104"]
[EventDate "1997.01.01"]

1. e4 c5 2. Nf3 d6 3. d4 cxd4 4. Nxd4 Nf6 5. Nc3 Nc6 6. Bc4 Qb6 7. Ndb5 a6 8.
Be3 Qa5 9. Nd4 g6 10. O-O Bg7 11. Nb3 Qc7 12. Be2 O-O 13. f4 e6 14. g4 b5 15.
g5 Nd7 16. a3 Bb7 17. Bd3 Ne7 18. Qe1 Rac8 19. Qh4 Rfe8 20. Rf3 {} 20... Nf5
21. Qf2 Nxe3 22. Qxe3 Bxc3 23. bxc3 Qxc3 24. Raf1 d5 25. Qf2 dxe4 26. Bxe4 Qc7
27. Bxb7 Qxb7 28. Rd1 Qc7 29. c3 Red8 30. Rfd3 Nb6 31. Rxd8+ Rxd8 32. Rxd8+
Qxd8 33. Nd2 Nd5 34. Ne4 Qc7 35. Qd4 Qc4 36. Qe5 Qc8 37. h4 Qf8 38. Kf2 h5 39.
Kf3 Qg7 40. Qb8+ Qf8 41. Qa7 Qxa3 42. Qb8+ Qf8 43. Qa7 Qc8 44. Qd4 Qc4 45. Nf6+
Kf8 46. Nh7+ Ke7 47. Qa7+ Qc7 48. Qa8 Qxf4+ 49. Ke2 Nxc3+ 50. Kd3 Qc4+ 51. Ke3
Qe2+ 52. Kd4 Qd2+ 0-1

[Event "op"]
[Site "Feldbach, Styria/AUT"]
[Date "1997.01.01"]
[Round "5"]
[White "Kos, T."]
[Black "Jazbinsek, S."]
[Result "1/2-1/2"]
[WhiteElo "2295"]
[BlackElo "2175"]
[PlyCount "50"]
[EventDate "1997.01.01"]

1. e4 c5 2. Nf3 d6 3. d4 cxd4 4. Nxd4 Nf6 5. Nc3 g6 6. Be3 Bg7 7. Be2 O-O 8.
O-O Nc6 9. f4 Qb6 10. Qd3 Ng4 11. Nd5 Bxd4 12. Bxg4 Bxe3+ 13. Qxe3 Qxe3+ 14.
Nxe3 Bxg4 15. Nxg4 Rac8 16. Rf2 Nb4 17. Ne3 Rc5 18. a3 Nc6 19. Nd5 Kg7 20. f5
Re8 21. fxg6 hxg6 22. Re1 Ne5 23. Ne3 Rg8 24. g4 Nc4 25. Nxc4 Rxc4 1/2-1/2

[Event "op"]
[Site "Feldbach, Styria/AUT"]
[Date "1997.01.01"]
[Round "5"]
[White "Pfaffel, T."]
[Black "Bonstingl, G."]
[Result "0-1"]
[WhiteElo "2070"]
[BlackElo "2225"]
[PlyCount "96"]
[EventDate "1997.01.01"]

1. e4 c5 2. Nf3 Nc6 3. d4 cxd4 4. Nxd4 Nf6 5. Nc3 e5 6. Ndb5 d6 7. Bg5 a6 8.
Na3 b5 9. Nd5 Be7 10. Bxf6 Bxf6 11. c3 O-O 12. Nc2 Rb8 13. g3 Bg5 14. Nde3 Be6
15. Bg2 Ne7 16. O-O Qb6 17. Kh1 Bxe3 18. Nxe3 Rfd8 19. Qd2 a5 20. f4 f6 21. f5
Bf7 22. g4 Qc5 23. Rfd1 Rbc8 24. Rac1 Kh8 25. b3 Rd7 26. c4 Rdc7 27. Rc2 Rc6
28. Bf1 bxc4 29. Bxc4 Bxc4 30. Rxc4 Qb5 31. Rdc1 Rxc4 32. Rxc4 Rc6 33. Kg2 h6
34. Kh3 Rxc4 35. Nxc4 d5 36. exd5 Nxd5 37. Qxa5 Qc6 38. Qd8+ Kh7 39. Qd6 Qa8
40. Qa3 Qb7 41. Na5 Qb6 42. Nc4 Qd4 43. Qc1 e4 44. Kg3 {} 44... Qd3+ 45. Kh4
Qf3 46. Qg1 Qf4 47. Qg3 Qg5+ 48. Kh3 Nf4+ 0-1

[Event "op"]
[Site "Feldbach, Styria/AUT"]
[Date "1997.01.01"]
[Round "5"]
[White "Kamaryt, T."]
[Black "Deutsch, L."]
[Result "1/2-1/2"]
[WhiteElo "2000"]
[BlackElo "2210"]
[PlyCount "85"]
[EventDate "1997.01.01"]

1. d4 Nf6 2. c4 e6 3. Nf3 d5 4. cxd5 exd5 5. Bg5 Be7 6. Nc3 c6 7. Qc2 Na6 8. a3
Nc7 9. e3 O-O 10. Bd3 h6 11. Bf4 Ne6 12. Be5 Re8 13. O-O Nf8 14. h3 Be6 15. b4
Qd7 16. Rfc1 a6 17. Na4 Qd8 18. Nc5 Bc8 19. a4 N6d7 20. Bg3 Bf6 21. Rab1 Ne6
22. Nxd7 Bxd7 23. b5 cxb5 24. axb5 a5 25. Qb3 Bc8 26. b6 a4 27. Qb5 a3 28. Ra1
Rf8 29. Qb3 Be7 30. Ra2 Ra5 31. Ne5 Bd7 32. f4 Ba4 33. Qb1 Bd6 34. Be1 Ra8 35.
Bh7+ Kh8 36. Bf5 Qe7 37. Bxe6 Qxe6 38. Bb4 Qe7 39. Rc7 Bxb4 40. Rxe7 Bxe7 41.
Qd3 Be8 42. Qb3 f6 43. Nd3 1/2-1/2

[Event "op"]
[Site "Feldbach, Styria/AUT"]
[Date "1997.01.01"]
[Round "5"]
[White "Maric, K."]
[Black "Szith, G."]
[Result "1-0"]
[WhiteElo "2010"]
[BlackElo "1855"]
[PlyCount "39"]
[EventDate "1997.01.01"]

1. e4 Nc6 2. d4 e5 3. Nf3 d5 4. exd5 Qxd5 5. Nc3 Bb4 6. Bd2 Bxc3 7. Bxc3 Bg4 8.
dxe5 Bxf3 9. Qxf3 Qxf3 10. gxf3 O-O-O 11. f4 Nge7 12. Bh3+ Kb8 13. Bd2 Nd4 14.
O-O-O Ne2+ 15. Kb1 Ng6 16. f5 Nxe5 17. Rhe1 Rxd2 18. Rxd2 Nf3 19. Rdxe2 Nxe1
20. Rxe1 1-0

[Event "op"]
[Site "Feldbach, Styria/AUT"]
[Date "1997.01.01"]
[Round "5"]
[White "Guid, M."]
[Black "Wegerer, F."]
[Result "1-0"]
[WhiteElo "2155"]
[BlackElo "2270"]
[PlyCount "63"]
[EventDate "1997.01.01"]

1. d4 g6 2. Nf3 Bg7 3. g3 Nf6 4. Bg2 O-O 5. O-O d6 6. c4 c6 7. Nc3 Qa5 8. a3
Qh5 9. b4 Bh3 10. Bb2 Nbd7 11. Qb3 Ng4 12. Rad1 e6 13. Ne4 d5 14. Nd6 dxc4 15.
Nxc4 Bxg2 16. Kxg2 Rfd8 17. Na5 Rab8 18. h3 Ngf6 19. Bc1 Qb5 20. Bf4 Rbc8 21.
a4 Qa6 22. Nc4 e5 23. dxe5 Nd5 24. b5 cxb5 25. Nd6 Nxe5 26. Qxd5 Rxd6 27. Qxd6
Qxd6 28. Rxd6 Nxf3 29. Rfd1 g5 30. Rd8+ Rxd8 31. Rxd8+ Bf8 32. Bd6 1-0

[Event "op"]
[Site "Feldbach, Styria/AUT"]
[Date "1997.01.01"]
[Round "5"]
[White "Bachmayer, J."]
[Black "Frosch, D."]
[Result "1-0"]
[WhiteElo "2080"]
[BlackElo "1630"]
[PlyCount "65"]
[EventDate "1997.01.01"]

1. c4 Nf6 2. Nc3 e6 3. e4 e5 4. Nf3 d6 5. d4 Nbd7 6. Be2 g6 7. Bg5 Bg7 8. O-O
O-O 9. Qd2 Qe8 10. dxe5 Nxe5 11. Nd4 Kh8 12. f3 a6 13. Rac1 Ng8 14. Nd5 Qd7 15.
Rfd1 f6 16. Be3 f5 17. exf5 gxf5 18. Bf1 Nf6 19. Nf4 Qf7 20. c5 Rg8 21. cxd6
cxd6 22. Kh1 Nh5 23. Nxh5 Qxh5 24. Rc7 Ng6 25. f4 Nf8 26. Bc4 Qg6 27. Bxg8 Kxg8
28. Qc2 Qe8 29. Nxf5 Bxf5 30. Qxf5 Bxb2 31. Qd5+ Kh8 32. Bd4+ Bxd4 33. Qxd4+
1-0

[Event "op"]
[Site "Feldbach, Styria/AUT"]
[Date "1997.01.01"]
[Round "5"]
[White "Kopinits, A."]
[Black "Milanollo, M."]
[Result "0-1"]
[WhiteElo "1605"]
[BlackElo "1975"]
[PlyCount "60"]
[EventDate "1997.01.01"]

1. e4 c5 2. Nc3 Nc6 3. g3 g6 4. Bg2 Bg7 5. f4 d6 6. Nf3 e6 7. O-O Nge7 8. d3
Nd4 9. Ne2 Nxf3+ 10. Rxf3 d5 11. e5 h5 12. d4 b6 13. Qd3 Qc7 14. a4 Bb7 15. Bd2
a5 16. dxc5 Ba6 17. Qe3 bxc5 18. Rff1 O-O 19. c3 Rab8 20. Rfb1 Nf5 21. Qf2 Bd3
22. Rd1 Rxb2 23. Bf3 Rfb8 24. Bc1 Bxe2 25. Bxb2 Bxf3 26. Qxf3 Rxb2 27. Rdb1 Qb6
28. Qd1 c4+ 29. Kh1 Qf2 30. Qg1 Qf3+ 0-1

[Event "op"]
[Site "Feldbach, Styria/AUT"]
[Date "1997.01.01"]
[Round "5"]
[White "Schriebl, A."]
[Black "Schrank, M."]
[Result "1-0"]
[WhiteElo "1720"]
[BlackElo "1780"]
[PlyCount "129"]
[EventDate "1997.01.01"]

1. d4 Nf6 2. c4 g6 3. Nc3 Bg7 4. e4 d6 5. f3 O-O 6. Be3 Nc6 7. Qd2 e5 8. d5 Ne7
9. Nge2 Ne8 10. g4 Bd7 11. h4 f6 12. O-O-O c6 13. Ng3 c5 14. Bd3 Qa5 15. Kb1 a6
16. Rdg1 Nc7 17. Qg2 b5 18. Rh3 Rfb8 {} 19. Nf5 Bxf5 20. gxf5 bxc4 21. fxg6 h6
22. Qd2 Nb5 23. Nxb5 Qxd2 24. Bxd2 axb5 25. Bf1 Rb7 26. f4 Rba7 27. fxe5 fxe5
28. a3 Ra4 29. Re3 Rf8 30. Re1 Rf2 31. Re2 Rf3 32. Bg2 Rb3 33. Kc2 b4 34. axb4
cxb4 35. h5 Ra2 36. Rb1 Rg3 37. Bxb4 Nc8 38. Be1 Rb3 39. Bc3 Nb6 40. Bh3 Na4
41. Be6+ Kh8 42. Re3 Nc5 43. Bh3 Rb8 44. Bf1 Ra4 45. Be2 Rf8 46. Rf1 Bf6 47.
Rf5 Kg7 48. Bf3 Ra1 49. Bb4 Bg5 50. Rxf8 Kxf8 51. Re1 Rxe1 52. Bxe1 Bf6 53. Bb4
Ke7 54. Bxc5 dxc5 55. Kc3 Kd6 56. Be2 Bg7 57. Kxc4 Bf8 58. Kb5 Kc7 59. Bg4 Kd6
60. Kb6 Bg7 61. b3 Bf6 62. Kb7 Bg7 63. Kc8 Ke7 64. Kc7 Bf8 65. d6+ 1-0

[Event "op"]
[Site "Feldbach, Styria/AUT"]
[Date "1997.01.02"]
[Round "6"]
[White "Pavasovic, D."]
[Black "Keitlinghaus, L."]
[Result "1/2-1/2"]
[WhiteElo "2495"]
[BlackElo "2515"]
[PlyCount "39"]
[EventDate "1997.01.02"]

1. e4 e6 2. d4 d5 3. exd5 exd5 4. Nf3 Nf6 5. Bd3 Be7 6. O-O Bg4 7. Bg5 O-O 8.
Nbd2 Nbd7 9. c3 c6 10. Qc2 h6 11. Bxf6 Bxf6 12. Bh7+ Kh8 13. Bf5 Bxf3 14. Nxf3
Qc7 15. Rae1 Rae8 16. Re2 g6 17. Bd3 Kg7 18. Rfe1 Rxe2 19. Qxe2 c5 20. Bc2 {}
1/2-1/2

[Event "op"]
[Site "Feldbach, Styria/AUT"]
[Date "1997.01.02"]
[Round "6"]
[White "Danner, G."]
[Black "Stanec, N."]
[Result "1-0"]
[WhiteElo "2375"]
[BlackElo "2505"]
[PlyCount "55"]
[EventDate "1997.01.02"]

1. d4 Nf6 2. Nf3 g6 3. c4 Bg7 4. Nc3 O-O 5. e4 d6 6. Be2 c5 7. d5 e6 8. O-O
exd5 9. cxd5 Na6 {Hauptvarianten: Bg4 oder Re8} 10. Bf4 {
zu pruefen waere auch Bg5!?} 10... Bg4 11. Nd2 $1 $14 {+-} 11... Bxe2 {
N zielt auf c4!} 12. Qxe2 Nh5 13. Be3 Rb8 14. a4 Nb4 {
Weiss  fuerchtet nicht den Nb4, der ueblicherweise ueber c7 kommt.} 15. Nc4 a6
16. a5 (16. g4 {eine stuermische Forsetzung!} 16... b5 17. axb5 axb5 18. Na5)
16... f5 {Schwarz versucht ein Gegenspiel aufzuziehen! Weiss drohte g4!} 17.
exf5 (17. f3 f4 {uns Schwarz haelt dagegen!}) 17... Rxf5 18. Ne4 $1 (18. g4 Nf4
19. Qd2 (19. Bxf4 Rxf4 20. Qe6+ Kh8 21. Nxd6 Qf6 $13 (21... Qh4 $5 22. Nf7+
Rxf7 23. Qxf7 Qxg4+ 24. Kh1 Rf8)) 19... Qg5 {mit Gegenspiel!}) 18... Nxd5 (
18... Rxd5 19. Rad1 $1 {mit starkem Druck im Zentrum!}) 19. Ncxd6 Nxe3 20. Qxe3
(20. fxe3 Rxf1+ 21. Rxf1 h6 22. Qc4+) 20... Rf8 {} 21. Qb3+ Kh8 22. Nf7+ Rxf7
23. Qxf7 Bxb2 24. Rad1 {Auch Rb1 wuerde genuegen!} 24... Qh4 {
letzter Stoerversuch!} (24... Qxa5 25. Rd7 Bg7 26. g4 Rf8 27. Qe7) 25. Rd7 Bg7
{} (25... Nf4 26. Ng5) 26. Re7 h6 27. g3 Qg4 28. Nf6 $1 1-0

[Event "op"]
[Site "Feldbach, Styria/AUT"]
[Date "1997.01.02"]
[Round "6"]
[White "Gross, S."]
[Black "Chernin, A."]
[Result "0-1"]
[WhiteElo "2330"]
[BlackElo "2620"]
[PlyCount "90"]
[EventDate "1997.01.02"]

1. e4 e6 2. d4 d5 3. Nc3 Bb4 4. e5 b6 5. Qg4 Bf8 6. Bg5 Qd7 7. Nf3 h6 8. Qh3
Nc6 9. O-O-O Bb7 10. g4 a6 11. Be3 Nge7 12. Ne1 Na7 13. f4 O-O-O 14. Bd3 c5 15.
dxc5 d4 16. Be4 bxc5 17. Qf3 Bd5 18. Bxd4 cxd4 19. Rxd4 {} 19... Bxe4 20. Rxe4
Qd2+ 21. Kb1 Nd5 22. Rc4+ Kb8 23. Nxd5 Qxd5 24. Qxd5 Rxd5 25. Nf3 Be7 26. c3
Rhd8 27. Kc2 Kb7 28. h4 Rd3 29. Rf1 Re3 30. Rf2 Nc6 31. h5 Kb6 32. Nd4 Nxd4+
33. cxd4 Bh4 34. Rf1 Re2+ 35. Kc3 Rg2 36. f5 Rg3+ 37. Kc2 Rxg4 38. fxe6 fxe6
39. Rf3 Rd7 40. Rb3+ Ka7 41. Rc6 Bd8 42. Rxe6 Rgxd4 43. Rg3 R4d5 44. b4 Bc7 45.
Rgg6 a5 0-1

[Event "op"]
[Site "Feldbach, Styria/AUT"]
[Date "1997.01.02"]
[Round "6"]
[White "Womacka, M."]
[Black "Sax, G."]
[Result "1/2-1/2"]
[WhiteElo "2465"]
[BlackElo "2525"]
[PlyCount "31"]
[EventDate "1997.01.02"]

1. e4 c5 2. Nf3 d6 3. d4 cxd4 4. Nxd4 Nf6 5. Nc3 Nc6 6. Be2 g6 7. Nb3 Bg7 8.
O-O O-O 9. Bg5 Be6 10. Kh1 a5 11. a4 Qc8 12. f3 Nb4 13. Nd4 Bc4 14. Ndb5 Rd8
15. Be3 Ra6 16. Rf2 1/2-1/2

[Event "op"]
[Site "Feldbach, Styria/AUT"]
[Date "1997.01.02"]
[Round "6"]
[White "Szekely, P."]
[Black "Krumpacnik, D."]
[Result "1/2-1/2"]
[WhiteElo "2455"]
[BlackElo "2385"]
[PlyCount "31"]
[EventDate "1997.01.02"]

1. Nf3 Nf6 2. c4 e6 3. g3 d5 4. Bg2 Nbd7 5. Qc2 dxc4 6. Qxc4 c5 7. d4 a6 8.
dxc5 Bxc5 9. Qd3 O-O 10. Nc3 Qe7 11. O-O b5 12. Ne4 Nxe4 13. Qxe4 Ra7 14. Bg5
f6 15. Be3 Rc7 16. Rac1 1/2-1/2

[Event "op"]
[Site "Feldbach, Styria/AUT"]
[Date "1997.01.02"]
[Round "6"]
[White "Tratar, M."]
[Black "Kragelj, I."]
[Result "1-0"]
[WhiteElo "2420"]
[BlackElo "2225"]
[PlyCount "33"]
[EventDate "1997.01.02"]

1. e4 c5 2. c3 Nf6 3. d3 Nc6 4. Nf3 d6 5. Be2 c4 6. d4 Nxe4 7. d5 Na5 8. b4
cxb3 9. axb3 b6 10. b4 Nb7 11. O-O g6 12. Re1 Nf6 13. Nd4 Bd7 14. Nc6 Qc7 15.
Nxa7 Rb8 16. Na3 Bg7 17. N3b5 {} 1-0

[Event "op"]
[Site "Feldbach, Styria/AUT"]
[Date "1997.01.02"]
[Round "6"]
[White "Bonstingel, G."]
[Black "Kuba, G."]
[Result "1/2-1/2"]
[WhiteElo "2225"]
[BlackElo "2200"]
[PlyCount "105"]
[EventDate "1997.01.02"]

1. d4 d5 2. Bg5 c6 3. c3 h6 4. Bh4 Bf5 5. e3 Nd7 6. Bd3 Bxd3 7. Qxd3 Qb6 8. Qc2
e5 9. dxe5 Nxe5 10. Bg3 Qxb2 11. Qxb2 Nd3+ 12. Ke2 Nxb2 13. Nd2 Na4 14. c4 Nf6
15. Be5 Nd7 16. Bg3 Nab6 17. cxd5 Nxd5 18. Kf3 Bb4 19. Nc4 O-O 20. Rb1 N7b6 21.
Ne5 Bc3 {} 22. e4 Bxe5 23. Bxe5 Nc4 24. exd5 Nd2+ 25. Kg3 Nxb1 26. Nf3 Na3 27.
dxc6 bxc6 28. Bd6 Nb5 29. Bxf8 Rxf8 30. Rc1 Rc8 31. Rc5 f6 32. Nh4 Nd6 33. f3
Kf7 34. Nf5 Nxf5+ 35. Rxf5 c5 36. Kf2 Ke6 37. Rf4 Rb8 38. Ra4 Rb2+ 39. Ke3 Rxg2
40. h4 g5 41. hxg5 fxg5 42. Rxa7 h5 43. a4 h4 44. a5 Ra2 45. a6 h3 46. Ra8 h2
47. Rh8 Rxa6 48. Rxh2 Kf5 49. Rc2 Re6+ 50. Kd3 Re5 51. Rc4 Ke6 52. Rg4 Kd5 53.
f4 1/2-1/2

[Event "op"]
[Site "Feldbach, Styria/AUT"]
[Date "1997.01.02"]
[Round "6"]
[White "Barczay, L."]
[Black "Maric, K."]
[Result "1-0"]
[WhiteElo "2380"]
[BlackElo "2010"]
[PlyCount "115"]
[EventDate "1997.01.02"]

1. Nf3 Nf6 2. d4 e6 3. g3 d5 4. Bg2 Bd6 5. O-O Nbd7 6. c4 c6 7. Nbd2 O-O 8. Qc2
Re8 9. b3 e5 10. cxd5 cxd5 11. dxe5 Nxe5 12. Bb2 Bg4 13. Rac1 Nc6 14. Rfe1 Rc8
15. Qb1 Bb4 16. Bc3 Bxc3 17. Rxc3 Rc7 18. e3 Rd7 19. Nd4 Nxd4 20. exd4 Rde7 21.
Rxe7 Qxe7 22. Re3 Qd8 23. Rxe8+ Qxe8 24. Qc1 Qc8 25. Qc5 b6 26. Qxc8+ Bxc8 27.
Nb1 Ne4 28. Kf1 Kf8 29. Ke2 Ke7 30. Ke3 Nf6 31. Nc3 {} 31... Bb7 32. h3 Bc6
33. Bf1 Kd6 34. Bd3 h6 35. f4 Bd7 36. g4 Ng8 37. f5 Bc6 38. h4 Bd7 39. Bb5 Nf6
40. g5 hxg5 41. hxg5 Nh7 42. Bxd7 Kxd7 43. Kf4 Kc6 44. Ne2 Kd6 45. Ng3 g6 46.
Nf1 Nf8 47. Nd2 Nd7 48. Nf3 a6 49. b4 b5 50. Ne5 Nxe5 51. dxe5+ Ke7 52. fxg6
fxg6 53. Ke3 Kd7 54. Kd4 Ke6 55. a3 Kf5 56. Kxd5 Kxg5 57. e6 Kf6 58. Kd6 1-0

[Event "op"]
[Site "Feldbach, Styria/AUT"]
[Date "1997.01.02"]
[Round "6"]
[White "Schneider_Zinner, H."]
[Black "Demuth, M."]
[Result "1-0"]
[WhiteElo "2155"]
[BlackElo "2240"]
[PlyCount "67"]
[EventDate "1997.01.02"]

1. d4 d5 2. Nf3 Nf6 3. c4 c6 4. Nc3 e6 5. Bg5 dxc4 6. e4 b5 7. e5 h6 8. Bh4 g5
9. Nxg5 hxg5 10. Bxg5 Be7 11. exf6 Bxf6 12. Bxf6 Qxf6 13. Qd2 Bb7 14. Ne4 Qe7
15. O-O-O Na6 16. Be2 O-O-O 17. Bf3 f5 18. Qg5 Qc7 19. Nc5 Nxc5 20. dxc5 Qa5
21. Rxd8+ Rxd8 22. Rd1 Rxd1+ 23. Bxd1 b4 24. Qg8+ Kc7 25. Qf7+ Kb8 26. Qe8+ Kc7
27. Qe7+ Kb8 28. Qd6+ Kc8 29. Qxe6+ Kc7 30. Qd6+ Kc8 31. Bc2 Ba8 {
} 32. Qe7
a6 33. Qa7 c3 34. Bxf5+ 1-0

[Event "op"]
[Site "Feldbach, Styria/AUT"]
[Date "1997.01.02"]
[Round "6"]
[White "Frosch, R."]
[Black "Kos, T."]
[Result "1/2-1/2"]
[WhiteElo "1870"]
[BlackElo "2295"]
[PlyCount "91"]
[EventDate "1997.01.02"]

1. d4 Nf6 2. Nf3 g6 3. Bg5 Bg7 4. e3 O-O 5. c4 c5 6. Nc3 Qa5 7. Qd2 d6 8. Be2
Nc6 9. O-O Bg4 10. d5 Bxf3 11. gxf3 Ne5 12. f4 Ned7 13. Qc2 a6 14. e4 Rfb8 15.
a4 Qc7 16. Bh4 Re8 17. Rae1 Nf8 18. Bf3 N6d7 19. Bg3 e5 20. f5 gxf5 21. exf5
Nf6 22. Kh1 N8d7 23. Rg1 Kh8 24. Bh4 Rg8 25. Ne4 Nxe4 26. Qxe4 Bf6 27. Bh5 Qd8
28. Rxg8+ Qxg8 29. Rg1 Qf8 30. Qg4 Rb8 31. Bxf6+ Nxf6 32. Qg5 Nxh5 33. Qxh5 f6
34. Qh4 Qe7 35. Rg6 Rf8 36. Qh6 Rf7 37. Qh4 e4 38. Rg4 e3 39. Re4 exf2 40. Kg2
Rg7+ 41. Kxf2 Qf7 42. Re6 Rg5 43. Qe4 Rg8 44. Qh4 Rg5 45. Qe4 Rg8 46. Qh4
1/2-1/2

[Event "op"]
[Site "Feldbach, Styria/AUT"]
[Date "1997.01.02"]
[Round "6"]
[White "Gross, D."]
[Black "Guid, M."]
[Result "1-0"]
[WhiteElo "2360"]
[BlackElo "2155"]
[PlyCount "81"]
[EventDate "1997.01.02"]

1. e4 e6 2. d4 d5 3. Nc3 Bb4 4. e5 c5 5. a3 Bxc3+ 6. bxc3 Ne7 7. Qg4 Qc7 8. Bd3
c4 9. Be2 Nf5 10. Qh3 Bd7 11. g4 Ne7 12. a4 Qa5 13. Ba3 Qxa4 14. Kd2 Na6 15.
Nf3 Qc6 16. Nh4 Nc7 17. f4 Nb5 18. Bb4 b6 19. Bxe7 Kxe7 20. f5 Raf8 21. Rhf1
Kd8 22. Bf3 Qc8 23. g5 Kc7 24. Ng2 h6 25. g6 fxg6 26. fxg6 Qd8 27. Ne3 Kb8 28.
Bg4 Qe8 29. Bh5 Qe7 30. Rf7 Rxf7 31. gxf7 Rf8 32. Qg3 Rxf7 33. Nxd5 exd5 34.
Bxf7 Kb7 35. Bxd5+ Bc6 36. Qg2 Bxd5 37. Qxd5+ Kb8 38. Rg1 Qh4 39. Qg8+ Kb7 40.
Qxg7+ Ka6 41. Ra1+ 1-0

[Event "op"]
[Site "Feldbach, Styria/AUT"]
[Date "1997.01.02"]
[Round "6"]
[White "Freitag, M."]
[Black "Kamaryt, T."]
[Result "1-0"]
[WhiteElo "2285"]
[BlackElo "2000"]
[PlyCount "81"]
[EventDate "1997.01.02"]

1. e4 e6 2. d4 d5 3. Nc3 Bb4 4. Nge2 dxe4 5. a3 Be7 6. Nxe4 Nc6 7. g3 Nf6 8.
Bg2 Nxe4 9. Bxe4 Bf6 10. c3 e5 11. d5 Ne7 12. O-O Nf5 13. c4 Nd6 14. Bg2 O-O
15. c5 Nf5 16. b4 e4 17. Ra2 Re8 18. Nf4 e3 19. fxe3 Nxe3 20. Bxe3 Rxe3 21.
Raf2 Be5 {} 22. d6 cxd6 23. Nd5 Rxa3 24. Rxf7 Be6 25. Rxb7 Qg5 26. c6 Ra1 27.
Ne7+ Kh8 28. Qf3 Rxf1+ 29. Qxf1 d5 30. Kh1 h5 31. Qb1 Bd6 32. Ng6+ Kg8 33. Nh4
Rc8 34. b5 a6 35. Qe1 Bf7 36. Rd7 Qf6 37. Qf1 Be5 38. Qxf6 Bxf6 39. Nf5 axb5
40. Rxf7 Rxc6 41. Bxd5 1-0

[Event "op"]
[Site "Feldbach, Styria/AUT"]
[Date "1997.01.02"]
[Round "6"]
[White "Jazbninsek, S."]
[Black "Deutsch, L."]
[Result "1-0"]
[WhiteElo "2175"]
[BlackElo "2210"]
[PlyCount "85"]
[EventDate "1997.01.02"]

1. e4 c5 2. Nf3 Nc6 3. d4 cxd4 4. Nxd4 d6 5. Nc3 Nf6 6. Bc4 Bd7 7. Bb3 g6 8.
Be3 Bg7 9. f3 Rc8 10. Qd2 Na5 11. h4 h5 12. O-O-O Nxb3+ 13. axb3 a6 14. Kb1 Qa5
15. Rhe1 O-O 16. Nd5 Qd8 17. Bh6 e5 18. Nxf6+ Bxf6 19. Bxf8 Qxf8 20. Ne2 Bxh4
21. g3 Be7 22. Nc3 Rc6 23. Nd5 Bd8 24. Re3 Be6 25. Rc3 a5 26. Rxc6 bxc6 27. Ne3
Bc7 28. f4 Bc8 29. f5 Qh6 30. fxg6 Qxg6 31. Qg2 Be6 32. Rh1 Kf8 33. Nf5 d5 34.
Qf2 Bd8 35. Qc5+ Kg8 36. Qxc6 dxe4 37. Qe8+ Kh7 38. g4 Qxg4 39. Nd6 Bf6 40.
Nxf7 h4 41. Rf1 Bg7 42. Qxe6 Qxe6 43. Ng5+ 1-0

[Event "op"]
[Site "Feldbach, Styria/AUT"]
[Date "1997.01.02"]
[Round "6"]
[White "Halser, W."]
[Black "Sackl, E."]
[Result "1-0"]
[WhiteElo "2175"]
[BlackElo "1900"]
[PlyCount "83"]
[EventDate "1997.01.02"]

1. e4 e5 2. Nf3 Nc6 3. Bc4 Bc5 4. c3 d6 5. O-O Nh6 6. d4 Bb6 7. h3 O-O 8. Bg5
Qe8 9. a4 a6 10. Qd2 Kh8 11. Bxh6 gxh6 12. Qxh6 f6 13. dxe5 Nxe5 14. Nxe5 dxe5
15. Nd2 Be6 16. Bxe6 Qxe6 17. Nf3 Rg8 18. Nh4 Bc5 19. Nf5 Rg6 20. Qh4 Rag8 21.
g4 Qb3 22. Rad1 Qxa4 23. b4 Qc6 24. bxc5 Qxe4 25. Ne3 Qf4 26. Rd7 h5 27. Ng2
Qg5 28. Qxg5 Rxg5 29. f3 e4 30. fxe4 Rxc5 31. Rxf6 Rg7 32. Rff7 Rxf7 33. Rxf7
hxg4 34. hxg4 Rxc3 35. e5 b5 36. e6 Kg8 37. Rd7 Kf8 38. Kf2 Ke8 39. Nf4 Rc6 40.
Rh7 Rc2+ 41. Ke3 c5 42. Nd5 1-0

[Event "op"]
[Site "Feldbach, Styria/AUT"]
[Date "1997.01.02"]
[Round "6"]
[White "Milanollo, M."]
[Black "Bachmayer, J."]
[Result "1-0"]
[WhiteElo "1975"]
[BlackElo "2080"]
[PlyCount "121"]
[EventDate "1997.01.02"]

1. e4 c5 2. Nc3 g6 3. g3 Bg7 4. Bg2 e6 5. Nge2 Nc6 6. d3 Nge7 7. O-O O-O 8. Be3
Nd4 9. Qd2 d6 10. Nd1 Bd7 11. Nc1 Qb6 12. c3 Ndc6 13. f4 f5 14. Bf2 a5 15. Ne3
Qc7 16. Ne2 Rac8 17. Rac1 b5 18. d4 fxe4 19. d5 Nd8 20. Bxe4 e5 21. fxe5 Bxe5
22. a4 Nf7 23. axb5 Ng5 24. Bg2 Nh3+ 25. Bxh3 Bxh3 26. Ng2 Nf5 27. Rfe1 Ng7 28.
Ngf4 Qd7 29. Be3 Bg4 30. c4 Nf5 31. Nd3 Bg7 32. Bf2 Bf3 33. Nef4 Nd4 34. Ne6
Rf7 35. Bxd4 Bxd4+ 36. Nxd4 cxd4 37. Nf4 Qg4 38. Rf1 Rcf8 39. Ne6 Rc8 40. Nxd4
Rcf8 41. Nxf3 Rxf3 42. Rxf3 Qxf3 43. Re1 a4 44. Qe3 Kg7 45. Qxf3 Rxf3 46. Ra1
Rb3 47. Rxa4 Kf6 48. Kf2 Ke5 49. Ra3 Rxb2+ 50. Ke3 Rxh2 51. Rb3 Rg2 52. Kf3 Ra2
53. b6 Ra8 54. b7 Rb8 55. Rb6 h5 56. g4 hxg4+ 57. Kxg4 Kd4 58. Rxd6 Kxc4 59.
Rd7 Kc5 60. Kg5 Rg8 61. Rc7+ 1-0

[Event "op"]
[Site "Feldbach, Styria/AUT"]
[Date "1997.01.02"]
[Round "6"]
[White "Szith, G."]
[Black "Pfaffel, T."]
[Result "1/2-1/2"]
[WhiteElo "1855"]
[BlackElo "2070"]
[PlyCount "77"]
[EventDate "1997.01.02"]

1. Nf3 Nf6 2. c4 e6 3. g3 b6 4. Bg2 Bb7 5. O-O Be7 6. b3 Ne4 7. Bb2 O-O 8. d3
Bf6 9. Qc2 Bxb2 10. Qxb2 Qf6 11. Qxf6 Nxf6 12. Nc3 a6 13. b4 d6 14. a4 Nbd7 15.
b5 a5 16. Nd2 Bxg2 17. Kxg2 Rae8 18. Nde4 Nxe4 19. Nxe4 f5 20. Nc3 Rf7 21. Rfe1
Ref8 22. f4 e5 23. e3 Nc5 24. Rad1 Re8 25. d4 exd4 26. exd4 Ne4 27. Nxe4 Rfe7
28. Nf6+ gxf6 29. Rxe7 Rxe7 30. Kf2 Re4 31. Kf3 Kf7 32. Kf2 h6 33. Rd3 h5 34.
h4 Ke6 35. d5+ Kf7 36. Rc3 Kf8 37. Rc1 Kf7 38. Rc3 Rd4 39. Ke2 1/2-1/2

[Event "op"]
[Site "Feldbach, Styria/AUT"]
[Date "1997.01.02"]
[Round "6"]
[White "Golja, O."]
[Black "Sepetavc, W."]
[Result "0-1"]
[WhiteElo "1755"]
[BlackElo "2025"]
[PlyCount "84"]
[EventDate "1997.01.02"]

1. d4 Nf6 2. c4 e6 3. Nc3 d5 4. Bg5 Be7 5. e3 h6 6. Bh4 O-O 7. Nf3 b6 8. Be2
Bb7 9. O-O c5 10. Rc1 Nbd7 11. a3 dxc4 12. Bxc4 Rc8 13. d5 Nxd5 14. Bxd5 exd5
15. Bxe7 Qxe7 16. Nxd5 Qd6 17. Nc3 Qc6 18. Qe2 Ne5 19. e4 Ng6 20. Rfd1 Rfe8 21.
Nd2 Nf4 22. Qe3 Qf6 23. g3 Nh3+ 24. Kg2 Ng5 25. f3 Qe6 26. g4 Qg6 27. h4 Ne6
28. Nc4 Nd4 29. Ne2 Nxf3 30. Kg3 Ne5 31. Qf4 Nxc4 32. Rxc4 Rxe4 33. Rxe4 Qxe4
34. Qxe4 Bxe4 35. Rd7 a5 36. Nc3 Bc6 37. Rd6 Kf8 38. Kf4 Ke7 39. Rd2 Rd8 40.
Re2+ Kf6 41. Ne4+ Bxe4 42. Kxe4 Re8+ 0-1